000 00758cam a2200169 4500
001 WB3538-07
008 000000n1999 000 0 eng u
035 _a(Sirsi) u102801
245 _aUS high speed prefab system.
260 _c1999
490 _aConstruction News
_v(6635) 30 September 1999, 16(1)
520 _aA new formwork system called ECO-Block is soon to be available in the UK. The system has been used in the US for two years, and consists of a series of pre-fabricated, expanded polystyrene blocks into which concrete is poured. The system is said to reduce construction times by a third, but as yet has no Agrement Certificate.
650 _aPREFABRICATION
650 _aCONSTRUCTION METHODS
690 _aBUILT ENVIRONMENT
942 _n0
999 _c61776
_d61776